000 00826nam a22002657a 4500
999 _c353514
_d353514
001 67448
003 UA-OsUOA
005 20200219145203.0
007 ta
008 20100223b un ||||| |||| 00| 0 ukr d
020 _a9666335743
040 _aUA-OsUOA
_bukr
_cUA-OsUOA
_dUA-OsUOA
041 _aukr
080 _a340.12(477)(075.8)
090 _a340.12(477)(075.8)
_bМ89
100 _aМузиченко П. П.
245 _aІсторія держави і права України
_bнавч. посіб.
246 3 1 _n1
260 _aХарків
_bОдіссей
_c2006
300 _a256 с.
650 7 _a340 Право в цілому. Пропедевтика. Методи та допоміжні правничі науки
_2UDC
700 _aДолматова Н. І.
942 _cBK
_2udc
955 _a2